[Event "POL-ch36"]
[Site "Tarnow"]
[Date "1979.??.??"]
[Round "5"]
[White "Przybylski, Piotr"]
[Black "Borkowski, Franciszek"]
[Result "0-1"]
[WhiteElo "2240"]
[BlackElo "2395"]
[PlyCount "138"]
[EventDate "1979.??.??"]
[EventType "swiss"]
[EventRounds "13"]
[EventCountry "POL"]
[SourceTitle "EXT 2003"]
[Source "ChessBase"]
[SourceDate "2002.11.25"]
[SourceVersion "1"]
[SourceVersionDate "2002.11.25"]
[SourceQuality "1"]

1. d4 d5 2. c4 c6 3. Nf3 Nf6 4. Nc3 e6 5. e3 Nbd7 6. Bd3 dxc4 7. Bxc4 b5 8. Bd3 Bb7 9. e4 b4 10. Na4 c5 11. e5 Nd5 12. 0-0 cxd4 13. Re1 Be7 14. Nxd4 0-0 15. Qg4 Kh8 16. Nf3 Qa5 17. b3 Nc3 18. Qh3 g6 19. Bg5 Qd8 20. Qh4 Re8 21. Bxe7 Qxe7 22. Ng5 h5 23. Nxc3 bxc3 24. Qf4 Kg7 25. Rac1 Nb6 26. Bc4 Rac8 27. Re3 c2 28. h4 Red8 29. Kh2 Rd2 30. Rc3 Rcd8 31. R3xc2 R2d4 32. Qf6+ Qxf6 33. exf6+ Kxf6 34. Kh3 Ke7 35. Bb5 Nd7 36. Rc7 Ba8 37. Rxa7 f6 38. Nf3 Bxf3 39. gxf3 Kd6 40. Rc6+ Ke5 41. Kg3 g5 42. hxg5 h4+ 43. Kg2 fxg5 44. Raa6 Nf8 45. Bc4 Re8 46. a4 Rd2 47. a5 Kf5 48. Rd6 Rb2 49. Rab6 Kf4 50. Rd4+ Kf5 51. a6 h3+ 52. Kxh3 Ng6 53. Bd3+ Ke5 54. Bxg6 Rh8+ 55. Kg3 Kxd4 56. Be4 Ra2 57. Rxe6 Rh1 58. Kg4 Ra5 59. b4 Rh4+ 60. Kg3 Ra1 61. Kg2 Rhh1 62. f4 Rag1+ 63. Kf3 g4+ 64. Ke2 Re1+ 65. Kd2 Rxe4 66. f5 Rf4 67. b5 Rxf2+ 68. Re2 Rxf5 69. a7 Ra1 0-1